As 20 Maiores Cidades de Taiwan - Statistics

Estatísticas Gerais
  • Esse quiz foi jogado 3 vezes
  • A pontuação média é 7 de 20
Estatísticas das Respostas
População Cidade % Correto
2.5 mi Taipé
100%
499 mil Hsinchu
67%
2.7 mi Kaohsiung
67%
367 mil Keelung
67%
3.0 mi Taichung
67%
106 mil Taidong
67%
1.8 mi Tainan
67%
220 mil Zhanghua
67%
252 mil Chiayi
33%
205 mil Pingdong
33%
2.4 mi Taoyuan
33%
4.3 mi Xinbei
33%
96 mil Yilan
33%
115 mil Douliu
0%
101 mil Nantou
0%
106 mil Toufen
0%
113 mil Yuanlin
0%
223 mil Zhubei
0%
106 mil Zhudong
0%
98 mil Zhunan
0%
Nenhum quiz correspondente encontrado
Distribuição das Pontuações
Porcentagem de Pessoas com Cada Pontuação
Percentil de Números Respondidos
Sua Pontuação Histórica
Você não jogou esse quiz